| 000 | 00792nam a2200253 a 4500 | ||
|---|---|---|---|
| 001 | 58625 | ||
| 003 | BD-RjUL | ||
| 005 | 20211209080636.0 | ||
| 008 | 161219s1987 ii b 001 0 eng | ||
| 020 | _cRs175.00 | ||
| 035 | _a(BD-RjUL)58749 | ||
| 040 |
_aDLC _cDLC _dBD-RjUL _beng |
||
| 041 | _aeng | ||
| 082 |
_223 _a338.9 _bHAP 1987 |
||
| 100 | 1 |
_aHassan, Shabir. _9174218 |
|
| 245 | 1 | 0 |
_aPublic enterprises in economic development : _ba case study of J&K Industries Ltd. / _cby Shabir Hassan. |
| 250 | _a1st ed. | ||
| 260 |
_aDelhi : _bAnmol Publications : _bDistributed by Anupama Publishers Distributors, _cc1987. |
||
| 300 |
_axiii, 230 p. ; _c23 cm. |
||
| 500 | _aIncludes index. | ||
| 650 |
_aEconomic development _9170469 |
||
| 942 |
_2ddc _cBK |
||
| 999 |
_c58625 _d58625 |
||